The power of reading : Insights from the research

Krashen also explores research surrounding the role of school and public libraries and the research indicating the necessity of a print-rich environment that provides light reading (comics, teen romances, magazines) as well as the best in literature to assist in educating children to read with under...

全面介紹

Đã lưu trong:
書目詳細資料
主要作者: Krashen, Stephen D.
格式: 圖書
語言:Undetermined
出版: Westport, Conn Libraries Unlimited 2004
主題:
標簽: 添加標簽
沒有標簽, 成為第一個標記此記錄!
Thư viện lưu trữ: Trung tâm Học liệu Trường Đại học Cần Thơ
LEADER 01149nam a2200217Ia 4500
001 CTU_220004
008 210402s9999 xx 000 0 und d
020 |c 1387000 
082 |a 028.9 
082 |b K18 
100 |a Krashen, Stephen D. 
245 4 |a The power of reading : 
245 0 |b Insights from the research 
245 0 |c Stephen D. Krashen 
260 |a Westport, Conn 
260 |b Libraries Unlimited 
260 |c 2004 
520 |a Krashen also explores research surrounding the role of school and public libraries and the research indicating the necessity of a print-rich environment that provides light reading (comics, teen romances, magazines) as well as the best in literature to assist in educating children to read with understanding and in second language acquisition. He looks at the research surrounding reading incentive/rewards programs and specifically at the research on AR (Accelerated Reader) and other electronic reading products. 
650 |a Trình độ học vấn,Books and reading,Literacy,Sách và đọc sách 
904 |i Tuyến 
980 |a Trung tâm Học liệu Trường Đại học Cần Thơ